000 00891cam a2200277 a 4500
001 38099
003 (BD-RjUL)
005 20211209052727.0
008 971016s1998 maua b 001 0 eng
020 _a0071004793
020 _a9780071004794
035 _a(BD-RjUL)
040 _aDLC
_c(BD-RjUL)
_dDLC
082 0 0 _a621.392
_221
_bHAC 1988
100 1 _aHayes, John P.
_9117933
245 1 0 _aComputer architecture and organization /
_cJohn P. Hayes.
250 _a2nd ed.
260 _aNew York :
_bMcGraw-Hill,
_cc1988.
300 _axv, 702 p. :
_bill. ;
_c22 cm.
504 _aIncludes bibliographical references and index.
650 0 _aComputer architecture.
_9117935
650 0 _aElectronic digital computers
_xDesign and construction.
_9117936
942 _2ddc
_cBK
999 _c38099
_d38099